|
|
|
|
| LEADER |
00000nab a2200000 a 4500 |
| 001 |
vtls001019180 |
| 003 |
SK-MaSNL |
| 005 |
20260305031005.0 |
| 008 |
040720e19970213xo 0 slo |
| 035 |
|
|
|a SN5113
|
| 040 |
|
|
|a SNSK
|b slo
|c SNSK
|e AACR2
|
| 041 |
0 |
|
|a slo
|
| 044 |
|
|
|a xo
|c SK
|
| 080 |
|
|
|a 619.9
|2 1981
|
| 100 |
1 |
|
|a Miškufová, Helena
|4 aut
|9 266662
|
| 245 |
1 |
0 |
|a Na Spiši sú pôvodcami besnoty líšky
|
| 650 |
0 |
7 |
|a infekčné choroby
|2 SNSK
|9 859
|
| 650 |
0 |
7 |
|a besnota
|2 SNSK
|9 16570
|
| 650 |
0 |
7 |
|a opatrenia
|2 SNSK
|9 373813
|
| 650 |
0 |
7 |
|a informácie
|2 SNSK
|9 1285
|
| 651 |
|
7 |
|a Spišská Nová Ves (Slovensko : okres)
|2 SNSK
|9 22259
|
| 651 |
|
7 |
|a SN,
|2 SNSK
|9 1021277
|
| 655 |
|
7 |
|a periodikum
|2 snkbucl
|9 29553
|
| 773 |
0 |
8 |
|t Práca
|g Roč. 52, č.36, 13.2.1997, s. 4
|
| 852 |
|
|
|a ZVYKNI
|b KIS3GCP
|
| 999 |
|
|
|c 3314050
|d 3315980
|